000 00390 a2200145 4500
005 20250602105314.0
020 _a0 304 30404 2
100 _aTHOMAS, S.E
245 _aCommerce: Its Theory and Practice
250 _a11th Ed.
260 _aLondon
_bCassell Publishers Ltd.
_c1979
300 _aviii, 551p.: ill; figures, tables.
_bIndex,
_c20.6 cm
700 _aCURZON, L.B
942 _2ddc
_cBKS
999 _c2999
_d2999